Statistics for Where Are They - Landmarks #3

Click here to take the quiz!

General Stats

  • This quiz has been taken 69 times
  • The average score is 5 of 10

Answer Stats

HintAnswer% Correct
Colosseum, Pantheon, Trevi FountainRome
100%
Christ the Redeemer, Sugarloaf Mountain, Maracanã Stadium Rio de Janeiro
98%
Forbidden City, Marco Polo Bridge, Tiananmen Square Beijing
82%
Petersen Automotive Museum, Hollywood Sign, Staples CenterLos Angeles
78%
Schönbrunn Palace, St. Stephen's Cathedral, HofburgVienna
71%
St. Sophia's Cathedral, Mariyinsky Palace, Motherland MonumentKiev
29%
Faisal Masjid, Daman-e-Koh, Quaid-i-Azam University Islamabad
18%
Fusterlandia, Plaza Vieja, El Capitolio Havana
16%
Medina of *, Baths of Antoninus, Al-Zaytuna Mosque Tunis
13%
Provand's Lordship, The People's Palace and Winter Gardens, Riverside MuseumGlasgow
9%

Score Distribution

Percentile by Number Answered

Percent of People with Each Score

Your Score History

You have not taken this quiz